书目信息 |
| 题名: |
与世界谈谈心
|
|
| 作者: | 人民日报评论部 著 | |
| 分册: | ||
| 出版信息: | 北京 人民出版社 2020.4 |
|
| 页数: | 366页 | |
| 开本: | 17cm | |
| 丛书名: | ||
| 单 册: | ||
| 中图分类: | D609 | |
| 科图分类: | ||
| 主题词: | 《人民日报》--时事评论--2019--文集 | |
| 电子资源: | ||
| ISBN: | 978-7-01-021940-0 | |
| 000 | 01362nam0 2200229 450 | |
| 001 | 012020039982 | |
| 005 | 20200616205506.0 | |
| 010 | @a978-7-01-021940-0@dCNY62.00 | |
| 100 | @a20200616d2020 em y0chiy0110 ea | |
| 101 | 0 | @achi |
| 102 | @aCN@b110000 | |
| 105 | @af z 000zy | |
| 106 | @ar | |
| 200 | 1 | @a与世界谈谈心@9Yu Shi Jie Tan Tan Xin @f人民日报评论部著 |
| 210 | @a北京@c人民出版社@d2020.4 | |
| 215 | @a366页@d17cm | |
| 330 | @a“睡前聊一会儿”是人民日报评论部旗下新媒体“人民日报评论”微信公众号(粉丝已经超过400万,有着巨大的号召力)的精品栏目。本书精选了“睡前聊一会儿”栏目2019年的热点文章,分为都市、生活、艺文、校园、新知、科技、心理、食饮、光影、风尚10个部分,系统梳理了这两年中具有重要意义的新闻热点,给读者一个触摸时间、观察世界的窗口。相信对于读者来说,从“睡前聊一会儿”的文字中触摸新时代脉搏,是一次愉悦而动人的阅读体验。这个世界的丰富性,远超出我们的想象。时间的文件夹中,似乎被塞入了太多内容;所有的昨天仿佛都迅速翻过,变成了没有景深的日历。不过,正像每个人都是他经历的总和,每个时代也是所有生活的结晶。过去的日子其实都不会消失,只是在“现在”之下,隐秘地伟大着。我们希望,能用我们的观察与思考,触摸时间的脉络,发现一个更广阔的时代。 | |
| 606 | 0 | @a《人民日报》@x时事评论@x2019@j文集 |
| 690 | 0 | @aD609@v5 |
| 701 | 0 | @a人民日报评论部@9Ren Min Ri Bao Ping Lun Bu @4著 |
| 801 | 0 | @aCN@b人天书店@c20200616 |
| 905 | @aTSG@dD609@eR300@f2 | |
| 与世界谈谈心/人民日报评论部著.-北京:人民出版社,2020.4 |
| 366页;17cm |
| ISBN 978-7-01-021940-0:CNY62.00 |
| “睡前聊一会儿”是人民日报评论部旗下新媒体“人民日报评论”微信公众号(粉丝已经超过400万,有着巨大的号召力)的精品栏目。本书精选了“睡前聊一会儿”栏目2019年的热点文章,分为都市、生活、艺文、校园、新知、科技、心理、食饮、光影、风尚10个部分,系统梳理了这两年中具有重要意义的新闻热点,给读者一个触摸时间、观察世界的窗口。相信对于读者来说,从“睡前聊一会儿”的文字中触摸新时代脉搏,是一次愉悦而动人的阅读体验。这个世界的丰富性,远超出我们的想象。时间的文件夹中,似乎被塞入了太多内容;所有的昨天仿佛都迅速翻过,变成了没有景深的日历。不过,正像每个人都是他经历的总和,每个时代也是所有生活的结晶。过去的日子其实都不会消失,只是在“现在”之下,隐秘地伟大着。我们希望,能用我们的观察与思考,触摸时间的脉络,发现一个更广阔的时代。 |
| ● |
| 相关链接 |
|
|
|
正题名:与世界谈谈心
索取号:D609/R300
 
预约/预借
| 序号 | 登录号 | 条形码 | 馆藏地/架位号 | 状态 | 备注 |
| 1 | 1534179 | 215341798 | 社科库509/509社科库 71排8列5层/ [索取号:D609/R300] | 在馆 | |
| 2 | 1534180 | 215341805 | 社科库509/509社科库 71排8列5层/ [索取号:D609/R300] | 在馆 |